[Event "EU-Cup Online Gr-G"]
[Site "Tornelo INT"]
[Date "2021.03.27"]
[Round "2.3"]
[White "Favarel, Camille"]
[Black "Tazbir, Marcin"]
[Result "0-1"]
[WhiteElo "2188"]
[BlackElo "2513"]
[PlyCount "110"]
[EventDate "2021.03.27"]
[EventType "team-tourn (rapid)"]
[EventRounds "9"]
[EventCountry "NET"]
[SourceTitle "CBM 201 Extra"]
[Source "ChessBase"]
[SourceDate "2021.05.31"]
[SourceVersion "1"]
[SourceVersionDate "2021.05.31"]
[SourceQuality "1"]
[WhiteTeam "Aix en Provence"]
[BlackTeam "Wroclaw Polonia"]
[WhiteTeamCountry "FRA"]
[BlackTeamCountry "POL"]

1. d4 d5 2. Bf4 Nf6 3. e3 e6 4. Nd2 Bd6 5. Bg3 0-0 6. Bd3 b6 7. Ngf3 Ba6 8. Bxa6 Nxa6 9. Ne5 c5 10. c3 Qc7 11. 0-0 Nb8 12. Qe2 Nbd7 13. Nxd7 Qxd7 14. Bh4 Be7 15. a4 Rfc8 16. Rfe1 h6 17. Qb5 Qc6 18. h3 a6 19. Qd3 Qb7 20. Ra2 c4 21. Qc2 b5 22. axb5 axb5 23. Rea1 Rxa2 24. Rxa2 Ra8 25. b4 Ra7 26. f4 Qa8 27. Rxa7 Qxa7 28. Bxf6 Bxf6 29. Kh2 Qa1 30. Nf3 Be7 31. Qd2 Bd6 32. Qc2 Be7 33. Kg3 Bd8 34. Kf2 Bc7 35. Nd2 g6 36. Nb1 Kg7 37. Ke2 f5 38. Kd2 g5 39. g3 Kg6 40. Ke2 Kf6 41. Kf3 Bd6 42. Kf2 h5 43. Ke2 h4 44. fxg5+ Kxg5 45. gxh4+ Kxh4 46. Kf3 Kh5 47. Kg2 Kh6 48. Kf3 Qa8 49. Qf2 Qa1 50. Qc2 Be7 51. Kg2 Bh4 52. Kf3 Qa8 53. Qg2 Qa4 54. Qd2 Qb3 55. Kg2 Qxb1 0-1

[Event "Vaujany op-A 7th"]
[Site "Vaujany"]
[Date "2016.07.21"]
[Round "6"]
[White "Favarel, Camille"]
[Black "Drozdowski, Kacper"]
[Result "0-1"]
[WhiteElo "2256"]
[BlackElo "2490"]
[PlyCount "100"]
[EventDate "2016.07.16"]
[EventType "swiss"]
[EventRounds "9"]
[EventCountry "FRA"]
[SourceTitle "EXT 2017"]
[Source "ChessBase"]
[SourceDate "2016.10.25"]
[SourceVersion "1"]
[SourceVersionDate "2016.10.25"]
[SourceQuality "1"]

1. d4 d6 2. Nf3 g6 3. c4 Bg7 4. Nc3 Bg4 5. e3 c5 6. Be2 cxd4 7. exd4 Nc6 8. Be3 Nh6 9. 0-0 Nf5 10. Qd2 Rc8 11. Ne1 Bxe2 12. Nxe2 0-0 13. b3 d5 14. c5 e5 15. Nf3 exd4 16. Bg5 Qd7 17. Rad1 Rfe8 18. Ng3 Ne5 19. Nxe5 Bxe5 20. b4 b6 21. Rc1 bxc5 22. bxc5 Bg7 23. Qd3 Ne7 24. Bf4 Nc6 25. Bd6 Na5 26. Qf3 Qc6 27. Rfd1 Nc4 28. Qf4 Rcd8 29. Re1 Rxe1+ 30. Rxe1 Nxd6 31. cxd6 Qxd6 32. Qd2 Rc8 33. Ne2 Rc4 34. Nc1 h6 35. Re2 Kh7 36. g3 a5 37. Nd3 Rc3 38. Kg2 Qa6 39. Nf4 Qf6 40. h4 a4 41. Kh2 Qf5 42. Qd1 a3 43. Rd2 Be5 44. Nd3 Bf6 45. Nf4 h5 46. Rd3 Be5 47. Rxc3 dxc3 48. Nd3 Bd4 49. Kg2 Qe4+ 50. Qf3 c2 0-1

[Event "Vaujany op-A 7th"]
[Site "Vaujany"]
[Date "2016.07.20"]
[Round "5"]
[White "Vanheirzeele, Daniel"]
[Black "Favarel, Camille"]
[Result "0-1"]
[WhiteElo "2142"]
[BlackElo "2256"]
[PlyCount "130"]
[EventDate "2016.07.16"]
[EventType "swiss"]
[EventRounds "9"]
[EventCountry "FRA"]
[SourceTitle "EXT 2019"]
[Source "ChessBase"]
[SourceDate "2018.10.10"]
[SourceVersion "1"]
[SourceVersionDate "2018.10.10"]
[SourceQuality "1"]

1. d4 d5 2. c4 c6 3. Nf3 Nf6 4. Qb3 dxc4 5. Qxc4 Bg4 6. Nbd2 Nbd7 7. g3 e6 8. Bg2 Bd6 9. 0-0 0-0 10. Qb3 Qb6 11. Nc4 Qxb3 12. axb3 Bc7 13. Bf4 Bxf4 14. gxf4 Nd5 15. e3 Bxf3 16. Bxf3 g6 17. Na5 Rab8 18. Nc4 a6 19. Rfc1 N7f6 20. Ne5 Rfd8 21. Be2 Nd7 22. Nd3 N7b6 23. Bf3 Kg7 24. Bxd5 Nxd5 25. Kg2 Nc7 26. Nc5 Rd5 27. Rd1 f6 28. Rac1 Kf7 29. Kf3 Nb5 30. Nd3 Rc8 31. Rc5 Rd6 32. Rh1 Rcd8 33. Rcc1 R6d7 34. Nc5 Rc7 35. Ne4 Re7 36. Rc5 Nc7 37. Nc3 Ne8 38. Ne4 Ng7 39. Ng3 h5 40. h4 Red7 41. Rhc1 Rg8 42. Rd1 Nf5 43. Rh1 Rdd8 44. Kg2 Ke7 45. Kh3 Nd6 46. Rd1 Rd7 47. Kg2 Rc8 48. Kf3 Nf5 49. Rh1 Rd5 50. Rc3 Rb5 51. Ne4 Rd8 52. Nc5 a5 53. Kg2 Rg8 54. Kh3 Rc8 55. Rg1 Kf7 56. Ne4 Rd8 57. Ra1 Ne7 58. Ra3 b6 59. Nd2 Rf5 60. Nf3 Rb5 61. Ra1 Rc8 62. Rac1 Nd5 63. Rd3 Nb4 64. Rdd1 Rd8 65. Nd2 Nd3 0-1

[Event "Vaujany op-A 7th"]
[Site "Vaujany"]
[Date "2016.07.18"]
[Round "3"]
[White "Nastro, Federico"]
[Black "Favarel, Camille"]
[Result "0-1"]
[WhiteElo "2071"]
[BlackElo "2256"]
[PlyCount "78"]
[EventDate "2016.07.16"]
[EventType "swiss"]
[EventRounds "9"]
[EventCountry "FRA"]
[SourceTitle "EXT 2019"]
[Source "ChessBase"]
[SourceDate "2018.10.10"]
[SourceVersion "1"]
[SourceVersionDate "2018.10.10"]
[SourceQuality "1"]

1. e4 c6 2. d4 d5 3. Nc3 dxe4 4. Nxe4 Bf5 5. Ng3 Bg6 6. Nf3 Nd7 7. h4 h6 8. h5 Bh7 9. Bd3 Bxd3 10. Qxd3 e6 11. Bd2 Ngf6 12. 0-0-0 Be7 13. Kb1 0-0 14. Ne4 Nxe4 15. Qxe4 Nf6 16. Qe2 Qd5 17. c4 Qe4+ 18. Qxe4 Nxe4 19. Be3 f5 20. g3 Bg5 21. Bxg5 hxg5 22. Rh2 Rad8 23. Kc2 Kh7 24. Kd3 g4 25. Nh4 Ng5 26. Ng6 Rxd4+ 27. Kc2 Rfd8 28. Rxd4 Rxd4 29. b3 Nf3 30. Rh1 Rd2+ 31. Kc3 Rxf2 32. Rd1 e5 33. Rd7 e4 34. Rxb7 e3 35. Nf4 e2 36. Nxe2 Rxe2 37. Rxa7 f4 38. gxf4 g3 39. f5 Kh6 0-1

[Event "Vaujany op-A 7th"]
[Site "Vaujany"]
[Date "2016.07.17"]
[Round "2"]
[White "Favarel, Camille"]
[Black "Mathieu, Olivier"]
[Result "1-0"]
[WhiteElo "2256"]
[BlackElo "1969"]
[PlyCount "49"]
[EventDate "2016.07.16"]
[EventType "swiss"]
[EventRounds "9"]
[EventCountry "FRA"]
[SourceTitle "EXT 2019"]
[Source "ChessBase"]
[SourceDate "2018.10.10"]
[SourceVersion "1"]
[SourceVersionDate "2018.10.10"]
[SourceQuality "1"]

1. d4 Nf6 2. Nf3 e6 3. Bf4 d5 4. e3 c5 5. c3 Bd6 6. Bg3 Nc6 7. Nbd2 0-0 8. Bd3 b6 9. Ne5 Bxe5 10. dxe5 Nd7 11. Nf3 f5 12. exf6 Qxf6 13. Qc2 g6 14. 0-0-0 e5 15. Bb5 e4 16. Rxd5 exf3 17. Rd6 fxg2 18. Rg1 Qe7 19. Bxc6 Ne5 20. Bd5+ Nf7 21. Rxg6+ Kh8 22. Bxa8 Ne5 23. Bxe5+ Qxe5 24. R6xg2 Bf5 25. e4 1-0

[Event "FRA-chT2 West 0809"]
[Site "France"]
[Date "2009.02.08"]
[Round "7.5"]
[White "Lagunes, Jean Renaud"]
[Black "Favarel, Camille"]
[Result "1-0"]
[WhiteElo "2095"]
[BlackElo "2092"]
[PlyCount "69"]
[EventDate "2008.10.19"]
[EventType "team-tourn"]
[EventRounds "11"]
[EventCountry "FRA"]
[SourceTitle "EXT 2010"]
[Source "ChessBase"]
[SourceDate "2010.11.25"]
[SourceVersion "1"]
[SourceVersionDate "2010.11.25"]
[SourceQuality "1"]
[WhiteTeam "Echiquier Bordelais"]
[BlackTeam "Rennes Paul Bert"]
[WhiteTeamCountry "FRA"]
[BlackTeamCountry "FRA"]

1. e4 c6 2. d4 d5 3. Nc3 dxe4 4. Nxe4 Bf5 5. Ng3 Bg6 6. Nh3 e6 7. Bc4 Nf6 8. 0-0 Bd6 9. Bf4 0-0 10. c3 Qc7 11. Bxd6 Qxd6 12. f4 Ne4 13. Qe2 Nxg3 14. hxg3 c5 15. g4 cxd4 16. f5 d3 17. Bxd3 exf5 18. gxf5 Bh5 19. Qxh5 Qxd3 20. Rf3 Qd6 21. f6 Nd7 22. fxg7 Kxg7 23. Rf5 Rae8 24. Rd1 Qe7 25. Ng5 h6 26. Nxf7 Nf6 27. Qxh6+ Kxf7 28. Qh5+ Kg8 29. Rg5+ Qg7 30. Rxg7+ Kxg7 31. Qg5+ Kf7 32. Rf1 Re6 33. Qd5 b6 34. g4 Rg8 35. g5 1-0

[Event "FRA-chT2 West 0809"]
[Site "France"]
[Date "2008.12.14"]
[Round "4.6"]
[White "Cadiou, Jacques"]
[Black "Favarel, Camille"]
[Result "0-1"]
[WhiteElo "2001"]
[BlackElo "2093"]
[PlyCount "33"]
[EventDate "2008.10.19"]
[EventType "team-tourn"]
[EventRounds "11"]
[EventCountry "FRA"]
[SourceTitle "EXT 2010"]
[Source "ChessBase"]
[SourceDate "2010.11.25"]
[SourceVersion "1"]
[SourceVersionDate "2010.11.25"]
[SourceQuality "1"]
[WhiteTeam "Quimper"]
[BlackTeam "Rennes Paul Bert"]
[WhiteTeamCountry "FRA"]
[BlackTeamCountry "FRA"]

1. Nf3 Nf6 2. c4 e6 3. Nc3 Bb4 4. Qc2 c5 5. a3 Ba5 6. e3 0-0 7. d4 b6 8. Bd3 Bb7 9. 0-0 Bxc3 10. bxc3 d5 11. cxd5 Qxd5 12. c4 Qh5 13. e4 cxd4 14. Nxd4 Nbd7 15. Re1 Rad8 16. Re3 Nc5 17. Be2 0-1

[Event "Creon op 13th"]
[Site "Creon"]
[Date "2008.07.29"]
[Round "2"]
[White "Favarel, Camille"]
[Black "Sanduleac, Vasile"]
[Result "1/2-1/2"]
[WhiteElo "2102"]
[BlackElo "2466"]
[PlyCount "54"]
[EventDate "2008.07.28"]
[EventType "swiss"]
[EventRounds "9"]
[EventCountry "FRA"]
[SourceTitle "CBM 125 Extra"]
[Source "ChessBase"]
[SourceDate "2008.09.01"]
[SourceVersion "1"]
[SourceVersionDate "2008.09.01"]
[SourceQuality "1"]

1. d4 d6 2. c4 e5 3. Nf3 e4 4. Nfd2 f5 5. e3 Nf6 6. Be2 Be7 7. 0-0 0-0 8. f3 exf3 9. Bxf3 c6 10. Nc3 Na6 11. e4 fxe4 12. Ndxe4 Nc7 13. Bg5 Nce8 14. Qd3 Bf5 15. Kh1 Bg6 16. Qe2 Nxe4 17. Bxe7 Qxe7 18. Bxe4 Nf6 19. Bxg6 Qxe2 20. Bxh7+ Kxh7 21. Nxe2 Rae8 22. Ng3 d5 23. cxd5 Nxd5 24. Kg1 Rf4 25. Rxf4 Nxf4 26. Rd1 Ne2+ 27. Kf2 Nxg3 1/2-1/2

[Event "Creon op 13th"]
[Site "Creon"]
[Date "2008.07.29"]
[Round "3"]
[White "Nguyen, Chi Minh"]
[Black "Favarel, Camille"]
[Result "1-0"]
[WhiteElo "2432"]
[BlackElo "2102"]
[PlyCount "71"]
[EventDate "2008.07.28"]
[EventType "swiss"]
[EventRounds "9"]
[EventCountry "FRA"]
[SourceTitle "CBM 125 Extra"]
[Source "ChessBase"]
[SourceDate "2008.09.01"]
[SourceVersion "1"]
[SourceVersionDate "2008.09.01"]
[SourceQuality "1"]

1. d4 Nf6 2. c4 e6 3. Nc3 Bb4 4. e3 0-0 5. Nge2 d5 6. a3 Be7 7. cxd5 exd5 8. h3 c6 9. g4 Bd6 10. Bg2 Re8 11. f3 c5 12. 0-0 Nc6 13. f4 cxd4 14. Nxd4 Bc5 15. g5 Ne4 16. Nxc6 Nxc3 17. Nxd8 Nxd1 18. Rxd1 Rxd8 19. b4 Bb6 20. Kf2 Be6 21. Bb2 Rac8 22. Rac1 d4 23. Bxd4 Rxc1 24. Rxc1 Bxd4 25. exd4 Rxd4 26. Ke3 Rd8 27. Rc7 h6 28. Rxb7 a6 29. Ra7 Bc4 30. Ra8 Rxa8 31. Bxa8 hxg5 32. fxg5 Kh7 33. Be4+ Kg8 34. h4 f6 35. gxf6 gxf6 36. Bd3 1-0

[Event "Creon op 13th"]
[Site "Creon"]
[Date "2008.07.28"]
[Round "1"]
[White "Roubert, Emile"]
[Black "Favarel, Camille"]
[Result "0-1"]
[WhiteElo "1871"]
[BlackElo "2102"]
[PlyCount "80"]
[EventDate "2008.07.28"]
[EventType "swiss"]
[EventRounds "9"]
[EventCountry "FRA"]
[SourceTitle "CBM 125 Extra"]
[Source "ChessBase"]
[SourceDate "2008.09.01"]
[SourceVersion "1"]
[SourceVersionDate "2008.09.01"]
[SourceQuality "1"]

1. e4 c6 2. d4 d5 3. Nc3 dxe4 4. Nxe4 Bf5 5. Ng3 Bg6 6. Nf3 Nd7 7. h4 h6 8. h5 Bh7 9. Bd3 Bxd3 10. Qxd3 e6 11. Qe2 Ngf6 12. Bd2 Be7 13. 0-0-0 0-0 14. Ne5 Qc7 15. Ng6 Rfe8 16. Nxe7+ Rxe7 17. Ne4 Nxe4 18. Qxe4 Nf6 19. Qf3 Nd5 20. Rh4 c5 21. Rg4 Kh8 22. dxc5 Qxc5 23. Rg3 Rc8 24. c3 f5 25. Rg6 Rf8 26. g4 Qc4 27. Kb1 Qe4+ 28. Qxe4 fxe4 29. Be3 b6 30. g5 Nxe3 31. fxe3 hxg5 32. Rxg5 Rf3 33. Re1 Rf5 34. Rg4 Rxh5 35. Rxe4 Rh2 36. Rd1 Rf7 37. Rxe6 Rff2 38. Re8+ Kh7 39. Rc8 Rxb2+ 40. Kc1 Rhc2# 0-1

[Event "FRA-chT2 West 0708"]
[Site "France"]
[Date "2008.01.20"]
[Round "6.5"]
[White "Jeanne, Mickael"]
[Black "Favarel, Camille"]
[Result "1/2-1/2"]
[WhiteElo "2231"]
[BlackElo "2098"]
[PlyCount "107"]
[EventDate "2007.10.21"]
[EventType "team"]
[EventRounds "11"]
[EventCountry "FRA"]
[SourceTitle "EXT 2009"]
[Source "ChessBase"]
[SourceDate "2008.11.26"]
[SourceVersion "1"]
[SourceVersionDate "2008.11.26"]
[SourceQuality "1"]
[WhiteTeam "Gonfreville II"]
[BlackTeam "Rennes Paul Bert"]
[WhiteTeamCountry "FRA"]
[BlackTeamCountry "FRA"]

1. Nf3 Nf6 2. c4 e6 3. Nc3 Bb4 4. Qc2 c5 5. g3 0-0 6. Bg2 Nc6 7. a3 Ba5 8. Na4 d6 9. 0-0 Rb8 10. Rd1 e5 11. Nc3 Bg4 12. Re1 Qd7 13. e3 a6 14. d3 b5 15. Nd2 Bb6 16. cxb5 axb5 17. Nxb5 d5 18. e4 d4 19. Nc4 Rfc8 20. Nbd6 Rc7 21. f4 Be6 22. fxe5 Nxe5 23. Nxe5 Qxd6 24. Bf4 Qe7 25. Nc4 Ng4 26. Rac1 Bxc4 27. Qxc4 Ne5 28. Bxe5 Qxe5 29. Rc2 h5 30. Rf1 Qe6 31. Rf5 Qxc4 32. Rxc4 g6 33. Rd5 Kf8 34. Bh3 Ke7 35. b4 Rd8 36. Rxd8 Kxd8 37. b5 Ra7 38. a4 Ke7 39. Kf2 Kd6 40. Ke2 Ke5 41. Bc8 h4 42. Kf3 hxg3 43. hxg3 Rc7 44. Ba6 Ba5 45. Kg4 Ke6 46. Rc2 Ke5 47. Kg5 c4 48. b6 Bxb6 49. Bxc4 Rc5 50. Rb2 Bd8+ 51. Kg4 f5+ 52. exf5 gxf5+ 53. Kf3 Bc7 54. Rb5 1/2-1/2

[Event "Condom op"]
[Site "Condom"]
[Date "2008.??.??"]
[Round "2"]
[White "Favarel, Camille"]
[Black "Piceu, Tom"]
[Result "0-1"]
[WhiteElo "2102"]
[BlackElo "2375"]
[PlyCount "120"]
[EventDate "2008.07.12"]
[EventType "swiss"]
[EventRounds "9"]
[EventCountry "FRA"]
[SourceTitle "EXT 2009"]
[Source "ChessBase"]
[SourceDate "2008.11.26"]
[SourceVersion "1"]
[SourceVersionDate "2008.11.26"]
[SourceQuality "1"]

1. d4 Nf6 2. Nf3 g6 3. c4 Bg7 4. Nc3 0-0 5. e4 d6 6. Be2 c5 7. d5 Bg4 8. 0-0 e6 9. Bf4 Nh5 10. Be3 Bxc3 11. bxc3 e5 12. Nd2 Bxe2 13. Qxe2 Nd7 14. g3 Qa5 15. Rac1 Rae8 16. Qd1 Nb6 17. Qb3 f5 18. Bh6 Rf7 19. Qb5 Qa4 20. f3 Nf6 21. h3 Kh8 22. Qxa4 Nxa4 23. Rc2 Ng8 24. Be3 f4 25. gxf4 exf4 26. Bf2 Nf6 27. Rb1 g5 28. Rb3 Nb6 29. a4 Nc8 30. Kf1 h5 31. Rc1 b6 32. Re1 Nd7 33. Ke2 Ne5 34. Rg1 Rg8 35. Rbb1 Kh7 36. Rg2 Rg6 37. Rb5 g4 38. hxg4 hxg4 39. Rh2+ Kg8 40. fxg4 f3+ 41. Kf1 Nxg4 42. Rh1 Ne7 43. Rh3 Nxf2 44. Kxf2 Rg2+ 45. Ke3 Re2+ 46. Kd3 Rxd2+ 47. Kxd2 f2 48. Rb1 f1Q 49. Rxf1 Rxf1 50. Rh6 Nc8 51. e5 dxe5 52. Rc6 Rf8 53. a5 Kf7 54. Kd3 Ke7 55. axb6 axb6 56. Re6+ Kd7 57. Rxe5 Rf3+ 58. Kc2 Nd6 59. Kb3 Rf4 60. Rh5 Nxc4 0-1

[Event "Condom op"]
[Site "Condom"]
[Date "2008.??.??"]
[Round "5"]
[White "Foulon, Greta"]
[Black "Favarel, Camille"]
[Result "0-1"]
[WhiteElo "1899"]
[BlackElo "2102"]
[PlyCount "56"]
[EventDate "2008.07.12"]
[EventType "swiss"]
[EventRounds "9"]
[EventCountry "FRA"]
[SourceTitle "EXT 2009"]
[Source "ChessBase"]
[SourceDate "2008.11.26"]
[SourceVersion "1"]
[SourceVersionDate "2008.11.26"]
[SourceQuality "1"]

1. d4 Nf6 2. c4 e6 3. g3 d5 4. Bg2 c6 5. Qc2 Bd6 6. Nf3 0-0 7. 0-0 Ne4 8. Nbd2 f5 9. e3 Bd7 10. b3 Be8 11. Ne5 Nd7 12. Nd3 Qc7 13. f4 Ndf6 14. Nf3 Bh5 15. Nfe5 Qe7 16. c5 Bc7 17. a4 Ng4 18. b4 Rf6 19. b5 Bxe5 20. fxe5 Rff8 21. Nf4 Be8 22. Qb3 g5 23. Ne2 h5 24. Bxe4 fxe4 25. Bd2 Bg6 26. Kg2 Rf3 27. Ng1 Raf8 28. h3 Rf2+ 0-1

[Event "France-ch U18"]
[Site "Reims"]
[Date "2004.04.19"]
[Round "2"]
[White "Netzer, Jean"]
[Black "Favarel, Camille"]
[Result "1-0"]
[WhiteElo "2301"]
[BlackElo "2100"]
[PlyCount "43"]
[EventDate "2004.04.??"]
[EventType "swiss"]
[EventRounds "9"]
[EventCountry "FRA"]
[SourceTitle "EXT 2005"]
[Source "ChessBase"]
[SourceDate "2004.11.15"]
[SourceVersion "1"]
[SourceVersionDate "2004.11.15"]
[SourceQuality "1"]

1. e4 c5 2. Nf3 Nc6 3. d4 cxd4 4. Nxd4 Nf6 5. Nc3 e5 6. Ndb5 d6 7. Bg5 a6 8. Na3 Be6 9. Nc4 Rc8 10. Ne3 Qb6 11. Bxf6 Qxb2 12. Ncd5 Bxd5 13. Nxd5 Nb4 14. Bd3 Nxd5 15. exd5 Qc3+ 16. Kf1 gxf6 17. Rb1 Rc7 18. Qf3 Ke7 19. g3 Qd2 20. Kg2 Qg5 21. Rb6 Qg8 22. Rhb1 1-0

[Event "FRA-ch U16"]
[Site "Le Grand Bornand"]
[Date "2003.??.??"]
[Round "4.8"]
[White "Truchot, Baptiste"]
[Black "Favarel, Camille"]
[Result "1-0"]
[WhiteElo "2122"]
[BlackElo "2030"]
[PlyCount "77"]
[EventDate "2003.??.??"]
[EventType "swiss"]
[EventRounds "9"]
[EventCountry "FRA"]
[SourceTitle "EXT 2004"]
[Source "ChessBase"]
[SourceDate "2003.11.25"]
[SourceVersion "1"]
[SourceVersionDate "2003.11.25"]
[SourceQuality "1"]

1. e4 c5 2. Ne2 Nc6 3. d3 d6 4. g3 g6 5. Bg2 Bg7 6. c3 e6 7. Be3 Rb8 8. 0-0 Bd7 9. Qd2 Ne5 10. h3 Bb5 11. Nc1 Nd7 12. Na3 Bc6 13. d4 b5 14. Nd3 cxd4 15. Bxd4 Bxd4 16. cxd4 Ba8 17. Rac1 Ngf6 18. Rfe1 0-0 19. Qb4 Qb6 20. Nc2 Rfc8 21. Nf4 Rc4 22. Qd2 Rbc8 23. b3 Rc3 24. Ne2 R3c7 25. f3 Bb7 26. Kh2 h5 27. h4 Kh7 28. Ne3 Nb8 29. Rxc7 Rxc7 30. Nf4 a5 31. d5 e5 32. Nd3 Qd4 33. Qe2 Na6 34. Rd1 Qb6 35. Rc1 Re7 36. Bf1 Nc7 37. Bh3 Kg7 38. Qd2 Na6 39. Nf5+ 1-0